Guatemala: el programa de reorganización nacional /
Guardat en:
| Autor principal: | |
|---|---|
| Format: | Text |
| Etiquetes: |
Afegir etiqueta
Sense etiquetes, Sigues el primer a etiquetar aquest registre!
|
MARC
| LEADER | 00000 a a2200000 04500 | ||
|---|---|---|---|
| 001 | 47776 | ||
| 003 | |||
| 040 | |||
| 100 | |a Cerezo Arévalo, Vinicio | ||
| 245 | |a Guatemala: |b el programa de reorganización nacional / |c Vinicio Cerezo Arévalo | ||
| 500 | |a Memorándum dirigido a los guatemaltecos, invitándolos a participar en las tareas de la reorganización nacional (Guatemala, 19 de marzo, 1987). | ||
| 773 | |g número6, (abril-junio, 1987), páginas 25-48. | ||
| 999 | |c 22222 |d 22222 | ||
